| 000 | 00683nam a2200169Ia 4500 | ||
|---|---|---|---|
| 008 | 090201s9999 xx 000 0 und d | ||
| 010 | _aKPL-39627 | ||
| 040 | _bमराठी | ||
| 041 | _aमराठी | ||
| 082 |
_a20841 _b39627 |
||
| 100 | _aसरोजीनी शेंडे | ||
| 245 |
_aमराठी नाटकांची गंगोत्री _cसरोजीनी शेंडे |
||
| 260 |
_c2004 _bमहाराष्ट्र राज्य साहित्य आणि संस्कृती मंडळ. |
||
| 300 |
_a912 _bमोठा |
||
| 600 | _aमराठी नाटकांची गंगोत्री | ||
| 942 | _cBOOK | ||
| 999 |
_c220604 _d220604 |
||